000 00624nam a22002297a 4500
003 UA-OsUOA
001 100337
007 ta
008 20130527b un ||||| |||| 00| 0 ukr d
100 _aЧернышев В.
090 _a821.161.1
_bЧ - 49
942 _cBK
040 _aUA-OsUOA
_brus
_cUA-OsUOA
_dUA-OsUOA
245 _aПервое поле
_bповести и рассказы
300 _a270 с.
955 _a3
041 _arus
080 _a821.161.1
260 _aМ.
_bСовременник
_c1985
650 7 _a82 Література. Літературознавство
_2UDC
999 _c386576
_d386576